Microeconomía: con aplicaciones a Latinoamérica /
"Esta edición incluye como características relevantes: Las verdades esenciales de la economía. Innovaciones en la economía. Innovaciones en la teoría económica. Enfasis en la historia y en la política. Economía e internet."
| Main Author: | |
|---|---|
| Other Authors: | , , , , |
| Format: | Book |
| Language: | Spanish English |
| Published: |
México:
McGraw Hill / Interamericana Editores,
2005.
|
| Edition: | Decimoséptima edición. |
| Subjects: |
MARC
| LEADER | 00000cam a2200000 i 4500 | ||
|---|---|---|---|
| 003 | Ucuenca | ||
| 005 | 20230308171911.0 | ||
| 006 | a||||gr|||| 001 | | ||
| 007 | ta | ||
| 008 | 008031t20052005mx aaaagr|||||||1|||spa|a | ||
| 020 | |a 970-10-4924-1 | ||
| 040 | |b spa |a UCuenca-cdrjbv |c UCuenca |e rda | ||
| 041 | 1 | |a spa |h eng | |
| 082 | 0 | |2 22 |a 338.5 |c 106218 | |
| 100 | 1 | |9 48204 |a Samuelson, Paul A. |q (Paul Anthony), |d 1915-2009 |e autor | |
| 240 | 1 | |a Economics. |l English | |
| 245 | 1 | 0 | |a Microeconomía: |b con aplicaciones a Latinoamérica / |c Paul A. Samuelson, [y otros tres], traducido por Esther Rabasco y Luis Toharía. |
| 250 | |a Decimoséptima edición. | ||
| 264 | 1 | |a México: |b McGraw Hill / Interamericana Editores, |c 2005. | |
| 264 | 4 | |c ©2005 | |
| 300 | |a xxii; 478 páginas: |b ilu |c 26 cm | ||
| 336 | |2 rdacontent |a texto |b txt | ||
| 337 | |2 rdamedia |a no mediado |b n | ||
| 338 | |2 rdacarrier |a volumen |b nc | ||
| 504 | |a incl. ind. | ||
| 505 | 1 | |a Conceptos básicos -- La microeconomía: la oferta, la demanda y los mercados de productos -- Los mercados de Factores: la tierra, el trabajo y el capital -- Microeconomía aplicada: el comercio internacional, el estado y el ambiente. | |
| 520 | 3 | |a "Esta edición incluye como características relevantes: Las verdades esenciales de la economía. Innovaciones en la economía. Innovaciones en la teoría económica. Enfasis en la historia y en la política. Economía e internet." | |
| 650 | 1 | 7 | |2 UCuenca-cdrjbv |a Microeconomía |9 39487 |
| 650 | 2 | 7 | |2 UCuenca-cdrjbv |a Mercado |x comercio |9 269648 |
| 650 | 2 | 7 | |2 UCuenca-cdrjbv |a Condiciones economicas |x oferta y demanda |9 269649 |
| 651 | |2 UCuenca-cdrjbv | ||
| 700 | 1 | |a Nordhaus, William D. |e autor |9 121395 | |
| 700 | 1 | |9 215079 |a Salazar Cantú, José de Jesús. |e autor | |
| 700 | 1 | |9 215080 |a Rodríguez Guajardo, Raymundo Cruz. |e autor | |
| 700 | 1 | |a Rabsco, Esther |e traductor |9 247096 | |
| 700 | 1 | |9 112101 |a Toharía Cortés, Luis. |e traductor | |
| 852 | |a UC-CDJBV |f Compra |l 1 |m General |p 20080313 |q 46,10 |r 2 |t 106218 |y 266922 |b 0 |d CDRC |e CDRC |g 338.5 PRIMER PISO |z 2008-80-31 | ||
| 942 | |c BK |0 2 |2 ddc |z luis.lescanob@ucuenca.edu.ec | ||
| 999 | |c 37968 |d 37968 | ||